[Event "DVM U14 2023"]
[Site "Magdeburg GER"]
[Date "2023.12.30"]
[Round "7"]
[White "Schwitkowski, Luka"]
[Black "Sommer, Justus"]
[Result "1/2-1/2"]
[Termination "normal"]
[Board "1.1"]
[WhiteElo "1817"]
[BlackElo "2108"]
[WhiteClock "01:08:32"]
[BlackClock "00:48:15"]
[WhiteTeam "SV Erkenschwick 1923"]
[BlackTeam "Lübecker SV 1873"]
[PlyCount "51"]
[WhiteFideId "34610669"]
[BlackFideId "16245008"]
[EventCountry "GER"]
[EventRounds "7"]
[EventType "team-swiss"]
[EventDate "2023.12.26"]

1. d4 {[%clk 01:30:58]} {[%emt 00:00:02]} d5 {[%clk 01:30:51]} {[%emt
00:00:09]} 2. c4 {[%clk 01:31:20]} {[%emt 00:00:08]} e6 {[%clk 01:31:15]}
{[%emt 00:00:06]} 3. Nf3 {[%clk 01:31:44]} {[%emt 00:00:05]} Nf6 {[%clk
01:31:36]} {[%emt 00:00:10]} 4. g3 {[%clk 01:32:06]} {[%emt 00:00:09]} dxc4
{[%clk 01:31:25]} {[%emt 00:00:41]} 5. Bg2 {[%clk 01:31:44]} {[%emt 00:00:51]}
Nc6 {[%clk 01:31:41]} {[%emt 00:00:14]} 6. O-O {[%clk 01:30:20]} {[%emt
00:01:55]} Rb8 {[%clk 01:31:06]} {[%emt 00:01:04]} 7. e3 {[%clk 01:30:26]}
{[%emt 00:00:25]} b5 {[%clk 01:28:36]} {[%emt 00:02:59]} 8. b3 {[%clk
01:29:31]} {[%emt 00:01:25]} cxb3 {[%clk 01:25:55]} {[%emt 00:03:12]} 9. axb3
{[%clk 01:29:29]} {[%emt 00:00:32]} Bb7 {[%clk 01:21:43]} {[%emt 00:04:41]} 10.
Qe2 {[%clk 01:29:47]} {[%emt 00:00:12]} a6 {[%clk 01:16:46]} {[%emt 00:05:27]}
11. Bb2 {[%clk 01:29:47]} {[%emt 00:00:30]} Be7 {[%clk 01:14:07]} {[%emt
00:03:08]} 12. Nbd2 {[%clk 01:29:37]} {[%emt 00:00:41]} O-O {[%clk 01:12:39]}
{[%emt 00:01:58]} 13. Rfc1 {[%clk 01:30:01]} {[%emt 00:00:07]} Bb4 {[%clk
00:59:27]} {[%emt 00:13:41]} 14. Ne1 {[%clk 01:07:52]} {[%emt 00:22:39]} Na5
{[%clk 00:48:43]} {[%emt 00:11:13]} 15. Bc3 {[%clk 01:08:09]} {[%emt 00:00:13]}
Bxc3 {[%clk 00:48:15]} {[%emt 00:00:59]} 16. Rxc3 {[%clk 01:08:32]} {[%emt
00:00:06]} Bxg2 17. Nxg2 {[%clk 01:08:32]} Nd5 18. Rcc1 {[%clk 01:08:32]} c6
19. Qd3 {[%clk 01:08:32]} Qb6 20. e4 {[%clk 01:08:32]} Nc7 21. b4 {[%clk
01:08:32]} Nb7 22. Nb3 {[%clk 01:08:32]} Rfd8 23. Qc3 {[%clk 01:08:32]} Ra8 24.
Ra2 {[%clk 01:08:32]} Ra7 25. Nf4 {[%clk 01:08:32]} Nd6 26. Nc5 {[%clk
01:08:32]} 1/2-1/2

[Event "DVM U14 2023"]
[Site "Magdeburg GER"]
[Date "2023.12.30"]
[Round "7"]
[White "Malinowsky, Levi"]
[Black "Riechenberg, Sebastian"]
[Result "1/2-1/2"]
[Termination "normal"]
[Board "1.2"]
[WhiteElo "2046"]
[BlackElo "1913"]
[WhiteClock "00:45:27"]
[BlackClock "01:14:25"]
[WhiteTeam "Lübecker SV 1873"]
[BlackTeam "SV Erkenschwick 1923"]
[PlyCount "44"]
[WhiteFideId "16253094"]
[BlackFideId "34605231"]
[EventCountry "GER"]
[EventRounds "7"]
[EventType "team-swiss"]
[EventDate "2023.12.26"]

1. e4 {[%clk 01:30:56]} {[%emt 00:00:03]} e5 {[%clk 01:30:29]} {[%emt
00:00:32]} 2. Nf3 {[%clk 01:31:17]} {[%emt 00:00:08]} Nc6 {[%clk 01:30:26]}
{[%emt 00:00:34]} 3. Bb5 {[%clk 01:31:12]} {[%emt 00:00:35]} a6 {[%clk
01:30:20]} {[%emt 00:00:36]} 4. Ba4 {[%clk 01:31:34]} {[%emt 00:00:07]} d6
{[%clk 01:30:09]} {[%emt 00:00:42]} 5. O-O {[%clk 01:31:26]} {[%emt 00:00:37]}
Bd7 {[%clk 01:30:11]} {[%emt 00:00:28]} 6. c3 {[%clk 01:30:07]} {[%emt
00:01:50]} g6 {[%clk 01:30:17]} {[%emt 00:00:24]} 7. d4 {[%clk 01:29:36]}
{[%emt 00:01:00]} Bg7 {[%clk 01:29:59]} {[%emt 00:00:48]} 8. h3 {[%clk
01:28:37]} {[%emt 00:01:29]} Nge7 {[%clk 01:29:59]} {[%emt 00:00:30]} 9. Re1
{[%clk 01:24:55]} {[%emt 00:04:12]} O-O {[%clk 01:30:02]} {[%emt 00:00:27]} 10.
Be3 {[%clk 01:17:23]} {[%emt 00:08:01]} Kh8 {[%clk 01:26:07]} {[%emt 00:04:27]}
11. Nbd2 {[%clk 01:12:58]} {[%emt 00:04:54]} Qe8 {[%clk 01:18:41]} {[%emt
00:07:56]} 12. dxe5 {[%clk 00:50:26]} {[%emt 00:23:03]} Nxe5 {[%clk 01:17:21]}
{[%emt 00:01:50]} 13. Bc2 {[%clk 00:48:07]} {[%emt 00:02:49]} f5 {[%clk
01:14:25]} {[%emt 00:03:25]} 14. exf5 {[%clk 00:45:27]} {[%emt 00:03:11]} Bxf5
15. Bxf5 {[%clk 00:45:27]} Nxf5 16. Bf4 {[%clk 00:45:27]} Nxf3+ 17. Nxf3 {[%clk
00:45:27]} Qd7 18. Be5 {[%clk 00:45:27]} Bxe5 19. Nxe5 {[%clk 00:45:27]} Qb5
20. Nd3 {[%clk 00:45:27]} Rae8 21. Qd2 {[%clk 00:45:27]} Qd5 22. g3 {[%clk
00:45:27]} Re5 1/2-1/2

[Event "DVM U14 2023"]
[Site "Magdeburg GER"]
[Date "2023.12.30"]
[Round "7"]
[White "Allen, Phillipp"]
[Black "Engel, Bruno"]
[Result "0-1"]
[Termination "normal"]
[Board "1.3"]
[WhiteElo "1628"]
[BlackElo "1987"]
[WhiteClock "01:05:30"]
[BlackClock "00:50:09"]
[WhiteTeam "SV Erkenschwick 1923"]
[BlackTeam "Lübecker SV 1873"]
[PlyCount "58"]
[WhiteFideId "16272846"]
[BlackFideId "34609008"]
[EventCountry "GER"]
[EventRounds "7"]
[EventType "team-swiss"]
[EventDate "2023.12.26"]

1. d4 {[%clk 01:30:55]} {[%emt 00:00:05]} Nf6 {[%clk 01:28:52]} {[%emt
00:02:09]} 2. Nf3 {[%clk 01:30:49]} {[%emt 00:00:37]} d5 {[%clk 01:28:14]}
{[%emt 00:01:06]} 3. c4 {[%clk 01:31:06]} {[%emt 00:00:13]} c6 {[%clk
01:26:43]} {[%emt 00:02:01]} 4. g3 {[%clk 01:31:07]} {[%emt 00:00:29]} g6
{[%clk 01:25:58]} {[%emt 00:01:16]} 5. Bg2 {[%clk 01:30:52]} {[%emt 00:00:45]}
Bg7 {[%clk 01:26:23]} {[%emt 00:00:05]} 6. O-O {[%clk 01:30:11]} {[%emt
00:01:10]} dxc4 {[%clk 01:24:15]} {[%emt 00:02:39]} 7. Ne5 {[%clk 01:21:38]}
{[%emt 00:09:02]} Ng4 {[%clk 01:20:13]} {[%emt 00:04:33]} 8. f4 {[%clk
01:16:50]} {[%emt 00:05:17]} O-O {[%clk 01:13:33]} {[%emt 00:07:09]} 9. h3
{[%clk 01:14:20]} {[%emt 00:03:01]} Nxe5 {[%clk 01:12:40]} {[%emt 00:01:22]}
10. dxe5 {[%clk 01:14:28]} {[%emt 00:00:23]} f6 {[%clk 00:53:58]} {[%emt
00:19:12]} 11. exf6 {[%clk 01:13:37]} {[%emt 00:01:20]} exf6 {[%clk 00:53:29]}
{[%emt 00:01:00]} 12. Qc2 {[%clk 01:05:30]} {[%emt 00:08:36]} b5 {[%clk
00:50:09]} {[%emt 00:03:50]} 13. e4 Bb7 {[%clk 00:50:09]} 14. Be3 Nd7 {[%clk
00:50:09]} 15. Rd1 Qe7 {[%clk 00:50:09]} 16. Nc3 Rfd8 {[%clk 00:50:09]} 17. b3
b4 {[%clk 00:50:09]} 18. Na4 c3 {[%clk 00:50:09]} 19. Rxd7 Qxd7 {[%clk
00:50:09]} 20. Nc5 Qe7 {[%clk 00:50:09]} 21. Bf1 Rd2 {[%clk 00:50:09]} 22. Qc1
Rad8 {[%clk 00:50:09]} 23. Bc4+ Kh8 {[%clk 00:50:09]} 24. Ne6 R8d6 {[%clk
00:50:09]} 25. Bc5 Qd7 {[%clk 00:50:09]} 26. Bxd6 Qxd6 {[%clk 00:50:09]} 27. e5
fxe5 {[%clk 00:50:09]} 28. Ng5 Qd4+ {[%clk 00:50:09]} 29. Kh1 c5+ {[%clk
00:50:09]} 0-1

[Event "DVM U14 2023"]
[Site "Magdeburg GER"]
[Date "2023.12.30"]
[Round "7"]
[White "Hellenbroich, Hanno"]
[Black "Al Marawi, Yousef"]
[Result "1/2-1/2"]
[Termination "normal"]
[Board "1.4"]
[WhiteElo "1348"]
[BlackElo "1563"]
[WhiteClock "01:07:22"]
[BlackClock "00:50:53"]
[WhiteTeam "Lübecker SV 1873"]
[BlackTeam "SV Erkenschwick 1923"]
[PlyCount "63"]
[WhiteFideId "16270762"]
[BlackFideId "34607420"]
[EventCountry "GER"]
[EventRounds "7"]
[EventType "team-swiss"]
[EventDate "2023.12.26"]

1. e4 {[%clk 01:30:48]} {[%emt 00:00:10]} e6 {[%clk 01:30:48]} {[%emt
00:00:13]} 2. d4 {[%clk 01:31:04]} {[%emt 00:00:14]} d5 {[%clk 01:31:06]}
{[%emt 00:00:12]} 3. Bd3 {[%clk 01:31:15]} {[%emt 00:00:19]} dxe4 {[%clk
01:31:14]} {[%emt 00:00:23]} 4. Bxe4 {[%clk 01:31:38]} {[%emt 00:00:05]} Nf6
{[%clk 01:31:27]} {[%emt 00:00:18]} 5. Bf3 {[%clk 01:32:02]} {[%emt 00:00:06]}
Be7 {[%clk 01:31:05]} {[%emt 00:00:52]} 6. Ne2 {[%clk 01:31:58]} {[%emt
00:00:34]} O-O {[%clk 01:30:21]} {[%emt 00:01:14]} 7. O-O {[%clk 01:32:09]}
{[%emt 00:00:17]} c5 {[%clk 01:28:25]} {[%emt 00:02:28]} 8. Nbc3 {[%clk
01:30:11]} {[%emt 00:02:28]} Nc6 {[%clk 01:27:05]} {[%emt 00:01:50]} 9. Be3
{[%clk 01:25:44]} {[%emt 00:04:57]} cxd4 {[%clk 01:20:22]} {[%emt 00:07:13]}
10. Nxd4 {[%clk 01:24:27]} {[%emt 00:01:47]} Ne5 {[%clk 01:18:01]} {[%emt
00:02:51]} 11. Qe2 {[%clk 01:21:43]} {[%emt 00:03:14]} Nxf3+ {[%clk 01:01:36]}
{[%emt 00:16:55]} 12. Nxf3 {[%clk 01:20:15]} {[%emt 00:01:58]} a6 {[%clk
01:00:29]} {[%emt 00:01:37]} 13. Na4 {[%clk 01:18:16]} {[%emt 00:02:29]} Nd5
{[%clk 00:57:58]} {[%emt 00:03:01]} 14. c4 {[%clk 01:08:51]} {[%emt 00:09:54]}
Nxe3 {[%clk 00:56:08]} {[%emt 00:02:20]} 15. Qxe3 {[%clk 01:09:02]} {[%emt
00:00:20]} Qc7 {[%clk 00:54:06]} {[%emt 00:02:29]} 16. Nb6 {[%clk 01:07:22]}
{[%emt 00:02:13]} Rb8 {[%clk 00:50:53]} {[%emt 00:03:42]} 17. Nxc8 Rbxc8 {[%clk
00:50:53]} 18. b3 Bc5 {[%clk 00:50:53]} 19. Qe5 Rfd8 {[%clk 00:50:53]} 20. Rfd1
Qb6 {[%clk 00:50:53]} 21. Qe2 Rxd1+ {[%clk 00:50:53]} 22. Rxd1 Rd8 {[%clk
00:50:53]} 23. Rxd8+ Qxd8 {[%clk 00:50:53]} 24. Kf1 g6 {[%clk 00:50:53]} 25. g3
Qf6 {[%clk 00:50:53]} 26. Kg2 Kg7 {[%clk 00:50:53]} 27. Ne1 h5 {[%clk
00:50:53]} 28. h4 g5 {[%clk 00:50:53]} 29. hxg5 Qxg5 {[%clk 00:50:53]} 30. Nf3
Qg4 {[%clk 00:50:53]} 31. Qd2 f6 {[%clk 00:50:53]} 32. Qa5 1/2-1/2

[Event "DVM U14 2023"]
[Site "Magdeburg GER"]
[Date "2023.12.30"]
[Round "7"]
[White "Haubold, Sebastian"]
[Black "Sauer, Tim"]
[Result "1-0"]
[Termination "normal"]
[Board "2.1"]
[WhiteElo "2055"]
[BlackElo "2155"]
[WhiteClock "01:04:18"]
[BlackClock "00:49:49"]
[WhiteTeam "USC Magdeburg"]
[BlackTeam "Schachzentrum Bemerode"]
[PlyCount "145"]
[WhiteFideId "16259637"]
[BlackFideId "16265726"]
[EventCountry "GER"]
[EventRounds "7"]
[EventType "team-swiss"]
[EventDate "2023.12.26"]

1. e4 {[%clk 01:30:49]} {[%emt 00:00:09]} c5 {[%clk 01:30:47]} {[%emt
00:00:14]} 2. c3 {[%clk 01:30:31]} {[%emt 00:00:48]} d5 {[%clk 01:30:24]}
{[%emt 00:00:54]} 3. exd5 {[%clk 01:30:52]} {[%emt 00:00:08]} Qxd5 {[%clk
01:30:47]} {[%emt 00:00:07]} 4. d4 {[%clk 01:31:16]} {[%emt 00:00:06]} Nf6
{[%clk 01:30:56]} {[%emt 00:00:21]} 5. Nf3 {[%clk 01:31:24]} {[%emt 00:00:24]}
Bg4 {[%clk 01:31:14]} {[%emt 00:00:10]} 6. Nbd2 {[%clk 01:31:43]} {[%emt
00:00:11]} cxd4 {[%clk 01:30:02]} {[%emt 00:01:43]} 7. Bc4 {[%clk 01:31:46]}
{[%emt 00:00:27]} Qd7 {[%clk 00:59:48]} {[%emt 00:30:44]} 8. Qb3 {[%clk
01:21:51]} {[%emt 00:10:23]} e6 {[%clk 00:59:17]} {[%emt 00:01:02]} 9. Nxd4
{[%clk 01:17:10]} {[%emt 00:05:11]} Bc5 {[%clk 00:56:09]} {[%emt 00:03:38]} 10.
Bb5 {[%clk 01:04:26]} {[%emt 00:13:13]} Nc6 {[%clk 00:56:31]} {[%emt 00:00:08]}
11. N2f3 {[%clk 01:04:02]} {[%emt 00:00:54]} Bxf3 {[%clk 00:52:17]} {[%emt
00:04:44]} 12. Nxf3 {[%clk 01:04:18]} {[%emt 00:00:14]} O-O {[%clk 00:49:49]}
{[%emt 00:02:58]} 13. O-O Qd5 {[%clk 00:49:49]} 14. Bc4 Qe4 {[%clk 00:49:49]}
15. Qb5 Bb6 {[%clk 00:49:49]} 16. Bg5 Nd5 {[%clk 00:49:49]} 17. Rae1 Qg4 {[%clk
00:49:49]} 18. Bxd5 exd5 {[%clk 00:49:49]} 19. Qxd5 h6 {[%clk 00:49:49]} 20.
Bh4 Rfe8 {[%clk 00:49:49]} 21. Qb5 Qf4 {[%clk 00:49:49]} 22. Bg3 Qf6 {[%clk
00:49:49]} 23. Ne5 Qg5 {[%clk 00:49:49]} 24. a4 Nxe5 {[%clk 00:49:49]} 25. Rxe5
Rxe5 {[%clk 00:49:49]} 26. Qxe5 Qd2 {[%clk 00:49:49]} 27. Qb5 Qd8 {[%clk
00:49:49]} 28. a5 Bxa5 {[%clk 00:49:49]} 29. Qxb7 Bb6 {[%clk 00:49:49]} 30. Qf3
Rc8 {[%clk 00:49:49]} 31. Rd1 Qe7 {[%clk 00:49:49]} 32. h3 Qe6 {[%clk
00:49:49]} 33. Qd5 Rd8 {[%clk 00:49:49]} 34. Qf3 Rc8 {[%clk 00:49:49]} 35. Kh2
Re8 {[%clk 00:49:49]} 36. Rd2 Qe1 {[%clk 00:49:49]} 37. Rd7 Qe6 {[%clk
00:49:49]} 38. Rb7 Rd8 {[%clk 00:49:49]} 39. Rb8 Rxb8 {[%clk 00:49:49]} 40.
Bxb8 Qe8 {[%clk 00:49:49]} 41. Bg3 Qe6 {[%clk 00:49:49]} 42. Qd1 Qc4 {[%clk
00:49:49]} 43. Qc2 h5 {[%clk 00:49:49]} 44. b3 Qd5 {[%clk 00:49:49]} 45. h4 a5
{[%clk 00:49:49]} 46. c4 Qd4 {[%clk 00:49:49]} 47. Qe2 Qf6 {[%clk 00:49:49]}
48. Qd2 Qf5 {[%clk 00:49:49]} 49. Qd5 Qxd5 {[%clk 00:49:49]} 50. cxd5 Kf8
{[%clk 00:49:49]} 51. Kg1 Ke7 {[%clk 00:49:49]} 52. Kf1 Bc5 {[%clk 00:49:49]}
53. Ke2 Bb4 {[%clk 00:49:49]} 54. Kd3 Be1 {[%clk 00:49:49]} 55. Kc4 Kd7 {[%clk
00:49:49]} 56. Kd4 Bb4 {[%clk 00:49:49]} 57. f3 Ke7 {[%clk 00:49:49]} 58. Kc4
Kd7 {[%clk 00:49:49]} 59. Be5 Be1 {[%clk 00:49:49]} 60. Bxg7 Bxh4 {[%clk
00:49:49]} 61. Bc3 Bd8 {[%clk 00:49:49]} 62. Kb5 Kd6 {[%clk 00:49:49]} 63. Bxa5
Bf6 {[%clk 00:49:49]} 64. Kc4 Bh4 {[%clk 00:49:49]} 65. Bc3 Bf2 {[%clk
00:49:49]} 66. b4 Bb6 {[%clk 00:49:49]} 67. Bd4 Bd8 {[%clk 00:49:49]} 68. Bg1
Kc7 {[%clk 00:49:49]} 69. b5 Be7 {[%clk 00:49:49]} 70. b6+ Kb7 {[%clk
00:49:49]} 71. Kb5 Bd6 {[%clk 00:49:49]} 72. Bc5 Be5 {[%clk 00:49:49]} 73. Be7
1-0

[Event "DVM U14 2023"]
[Site "Magdeburg GER"]
[Date "2023.12.30"]
[Round "7"]
[White "Gärtner, Alessandro"]
[Black "Haubold, Christian"]
[Result "1-0"]
[Termination "normal"]
[Board "2.2"]
[WhiteElo "1660"]
[BlackElo "1990"]
[WhiteClock "01:14:08"]
[BlackClock "01:07:49"]
[WhiteTeam "Schachzentrum Bemerode"]
[BlackTeam "USC Magdeburg"]
[PlyCount "87"]
[WhiteFideId "16268024"]
[BlackFideId "16259629"]
[EventCountry "GER"]
[EventRounds "7"]
[EventType "team-swiss"]
[EventDate "2023.12.26"]

1. b3 {[%clk 01:30:55]} {[%emt 00:00:04]} e5 {[%clk 01:28:36]} {[%emt
00:02:25]} 2. Bb2 {[%clk 01:28:54]} {[%emt 00:02:31]} Nc6 {[%clk 01:28:05]}
{[%emt 00:01:01]} 3. c4 {[%clk 01:26:33]} {[%emt 00:02:51]} Nf6 {[%clk
01:24:22]} {[%emt 00:04:13]} 4. Nc3 {[%clk 01:24:38]} {[%emt 00:02:25]} d5
{[%clk 01:18:45]} {[%emt 00:06:07]} 5. cxd5 {[%clk 01:23:05]} {[%emt 00:02:02]}
Nxd5 {[%clk 01:18:58]} {[%emt 00:00:16]} 6. g3 {[%clk 01:18:43]} {[%emt
00:04:53]} Bf5 {[%clk 01:15:12]} {[%emt 00:04:16]} 7. Bg2 {[%clk 01:14:08]}
{[%emt 00:05:06]} Ndb4 {[%clk 01:07:49]} {[%emt 00:07:53]} 8. Rc1 Nd4 {[%clk
01:07:49]} 9. d3 c6 {[%clk 01:07:49]} 10. Nf3 Nxf3+ {[%clk 01:07:49]} 11. Bxf3
Bh3 {[%clk 01:07:49]} 12. a3 Na6 {[%clk 01:07:49]} 13. Qc2 Bd6 {[%clk
01:07:49]} 14. b4 Rc8 {[%clk 01:07:49]} 15. Ne4 O-O {[%clk 01:07:49]} 16. Nxd6
Qxd6 {[%clk 01:07:49]} 17. Qc4 Rce8 {[%clk 01:07:49]} 18. Qh4 Bc8 {[%clk
01:07:49]} 19. O-O f5 {[%clk 01:07:49]} 20. Qc4+ Kh8 {[%clk 01:07:49]} 21. a4
f4 {[%clk 01:07:49]} 22. b5 cxb5 {[%clk 01:07:49]} 23. axb5 Nb8 {[%clk
01:07:49]} 24. Qc7 Qf6 {[%clk 01:07:49]} 25. Qxb8 fxg3 {[%clk 01:07:49]} 26.
hxg3 Bh3 {[%clk 01:07:49]} 27. Qxb7 Bxf1 {[%clk 01:07:49]} 28. Rxf1 Rf7 {[%clk
01:07:49]} 29. Qc6 Re6 {[%clk 01:07:49]} 30. Qc3 Re8 {[%clk 01:07:49]} 31. Ra1
Qf5 {[%clk 01:07:49]} 32. Ra4 h6 {[%clk 01:07:49]} 33. Re4 Rfe7 {[%clk
01:07:49]} 34. Kg2 Qd7 {[%clk 01:07:49]} 35. Qc6 Qf5 {[%clk 01:07:49]} 36. Ba3
Re6 {[%clk 01:07:49]} 37. Qd7 h5 {[%clk 01:07:49]} 38. Bxh5 Qxh5 {[%clk
01:07:49]} 39. Rh4 Qxh4 {[%clk 01:07:49]} 40. gxh4 Rg6+ {[%clk 01:07:49]} 41.
Kf1 Ree6 {[%clk 01:07:49]} 42. h5 Rgf6 {[%clk 01:07:49]} 43. Be7 Rh6 {[%clk
01:07:49]} 44. Bg5 1-0

[Event "DVM U14 2023"]
[Site "Magdeburg GER"]
[Date "2023.12.30"]
[Round "7"]
[White "Kuhlmann, Nils Magnus"]
[Black "Lavrov, Nikolay"]
[Result "1-0"]
[Termination "normal"]
[Board "2.3"]
[WhiteElo "1629"]
[BlackElo "1607"]
[WhiteClock "01:09:35"]
[BlackClock "00:55:54"]
[WhiteTeam "USC Magdeburg"]
[BlackTeam "Schachzentrum Bemerode"]
[PlyCount "43"]
[WhiteFideId "16287177"]
[BlackFideId "34617701"]
[EventCountry "GER"]
[EventRounds "7"]
[EventType "team-swiss"]
[EventDate "2023.12.26"]

1. e4 {[%clk 01:30:46]} {[%emt 00:00:13]} e5 {[%clk 01:30:55]} {[%emt
00:00:05]} 2. Nf3 {[%clk 01:30:23]} {[%emt 00:00:52]} Nc6 {[%clk 01:31:19]}
{[%emt 00:00:07]} 3. Nc3 {[%clk 01:30:02]} {[%emt 00:00:51]} Nf6 {[%clk
01:31:11]} {[%emt 00:00:38]} 4. a3 {[%clk 01:29:47]} {[%emt 00:00:45]} d6
{[%clk 01:28:19]} {[%emt 00:03:22]} 5. Bb5 {[%clk 01:26:17]} {[%emt 00:03:59]}
Bg4 {[%clk 01:25:16]} {[%emt 00:03:33]} 6. h3 {[%clk 01:23:35]} {[%emt
00:03:13]} Bxf3 {[%clk 01:17:10]} {[%emt 00:08:36]} 7. Qxf3 {[%clk 01:23:56]}
{[%emt 00:00:09]} Qd7 {[%clk 01:14:59]} {[%emt 00:02:40]} 8. Nd5 {[%clk
01:21:12]} {[%emt 00:03:14]} Be7 {[%clk 01:12:40]} {[%emt 00:02:50]} 9. Nxe7
{[%clk 01:11:18]} {[%emt 00:10:24]} Qxe7 {[%clk 01:11:42]} {[%emt 00:01:28]}
10. d3 {[%clk 01:11:37]} {[%emt 00:00:11]} h6 {[%clk 01:06:44]} {[%emt
00:05:28]} 11. Be3 {[%clk 01:09:35]} {[%emt 00:02:31]} O-O {[%emt 00:05:22]}
12. c3 {[%emt 00:02:31]} a6 {[%clk 00:55:54]} {[%emt 00:06:46]} 13. Bc4 {[%emt
00:08:09]} b5 14. Ba2 Nh7 15. g4 Qf6 16. Qg3 Ng5 17. h4 Ne6 18. Bd5 Ned8 19. g5
hxg5 20. hxg5 Qg6 21. Qh3 Re8 22. Qh8# 1-0

[Event "DVM U14 2023"]
[Site "Magdeburg GER"]
[Date "2023.12.30"]
[Round "7"]
[White "Niazai, Muhammad"]
[Black "Pham, Jacky"]
[Result "1-0"]
[Termination "normal"]
[Board "2.4"]
[WhiteElo "1462"]
[BlackElo "1336"]
[WhiteClock "00:17:11"]
[BlackClock "00:55:08"]
[WhiteTeam "Schachzentrum Bemerode"]
[BlackTeam "USC Magdeburg"]
[PlyCount "113"]
[WhiteFideId "34681701"]
[BlackFideId "34611606"]
[EventCountry "GER"]
[EventRounds "7"]
[EventType "team-swiss"]
[EventDate "2023.12.26"]

1. Nf3 {[%clk 01:30:57]} {[%emt 00:00:02]} Nc6 {[%clk 01:30:41]} {[%emt
00:00:20]} 2. g3 {[%clk 01:31:21]} {[%emt 00:00:07]} e5 {[%clk 01:30:42]}
{[%emt 00:00:28]} 3. d3 {[%clk 01:30:24]} {[%emt 00:01:27]} Nf6 {[%clk
01:29:59]} {[%emt 00:01:12]} 4. c4 {[%clk 01:30:21]} {[%emt 00:00:34]} d5
{[%clk 01:29:48]} {[%emt 00:00:41]} 5. cxd5 {[%clk 01:30:38]} {[%emt 00:00:13]}
Nxd5 {[%clk 01:29:58]} {[%emt 00:00:19]} 6. Nc3 {[%clk 01:30:28]} {[%emt
00:00:41]} Nb6 {[%clk 01:30:09]} {[%emt 00:00:19]} 7. Bg2 {[%clk 01:30:32]}
{[%emt 00:00:26]} Be7 {[%clk 01:29:57]} {[%emt 00:00:41]} 8. O-O {[%clk
01:30:28]} {[%emt 00:00:35]} O-O {[%clk 01:28:19]} {[%emt 00:02:08]} 9. Be3
{[%clk 01:28:43]} {[%emt 00:02:15]} Re8 {[%clk 01:26:13]} {[%emt 00:02:36]} 10.
Rc1 {[%clk 01:23:37]} {[%emt 00:05:36]} Bf8 {[%clk 01:23:18]} {[%emt 00:03:24]}
11. Nd2 {[%clk 01:21:55]} {[%emt 00:02:13]} Nd4 {[%clk 01:17:59]} {[%emt
00:05:48]} 12. Nb3 {[%clk 01:18:04]} {[%emt 00:04:21]} c6 {[%clk 01:12:00]}
{[%emt 00:06:30]} 13. Ne4 {[%clk 01:13:18]} {[%emt 00:05:15]} Be6 {[%clk
01:06:43]} {[%emt 00:05:47]} 14. Nec5 {[%clk 01:09:30]} {[%emt 00:04:18]} Bxb3
{[%clk 00:57:06]} {[%emt 00:10:08]} 15. Nxb3 {[%clk 01:09:39]} {[%emt
00:00:21]} Rc8 {[%clk 00:55:08]} {[%emt 00:02:27]} 16. Nc5 {[%clk 00:17:11]}
Bxc5 {[%clk 00:55:08]} 17. Rxc5 {[%clk 00:17:11]} Qd6 {[%clk 00:55:08]} 18. Rc1
{[%clk 00:17:11]} Nd5 {[%clk 00:55:08]} 19. Bd2 {[%clk 00:17:11]} Qg6 {[%clk
00:55:08]} 20. e3 {[%clk 00:17:11]} Ne6 {[%clk 00:55:08]} 21. Bxd5 {[%clk
00:17:11]} cxd5 {[%clk 00:55:08]} 22. Qb3 {[%clk 00:17:11]} d4 {[%clk
00:55:08]} 23. Rxc8 {[%clk 00:17:11]} Rxc8 {[%clk 00:55:08]} 24. Qxb7 {[%clk
00:17:11]} Re8 {[%clk 00:55:08]} 25. e4 {[%clk 00:17:11]} Qg4 {[%clk 00:55:08]}
26. f3 {[%clk 00:17:11]} Qg6 {[%clk 00:55:08]} 27. Qb5 {[%clk 00:17:11]} f6
{[%clk 00:55:08]} 28. Rc1 {[%clk 00:17:11]} Rf8 {[%clk 00:55:08]} 29. Qa6
{[%clk 00:17:11]} Ng5 {[%clk 00:55:08]} 30. Kg2 {[%clk 00:17:11]} Qh5 {[%clk
00:55:08]} 31. Bxg5 {[%clk 00:17:11]} Qxg5 {[%clk 00:55:08]} 32. Rc2 {[%clk
00:17:11]} Qe3 {[%clk 00:55:08]} 33. Qc4+ {[%clk 00:17:11]} Kh8 {[%clk
00:55:08]} 34. b4 {[%clk 00:17:11]} h5 {[%clk 00:55:08]} 35. h4 {[%clk
00:17:11]} g5 {[%clk 00:55:08]} 36. Kh2 {[%clk 00:17:11]} gxh4 {[%clk
00:55:08]} 37. gxh4 {[%clk 00:17:11]} Qf4+ {[%clk 00:55:08]} 38. Kg1 {[%clk
00:17:11]} Rg8+ {[%clk 00:55:08]} 39. Rg2 {[%clk 00:17:11]} Rxg2+ {[%clk
00:55:08]} 40. Kxg2 {[%clk 00:17:11]} Qxh4 {[%clk 00:55:08]} 41. Qc8+ {[%clk
00:17:11]} Kg7 {[%clk 00:55:08]} 42. Qh3 {[%clk 00:17:11]} Qg5+ {[%clk
00:55:08]} 43. Qg3 {[%clk 00:17:11]} Kf7 {[%clk 00:55:08]} 44. f4 {[%clk
00:17:11]} Qxg3+ {[%clk 00:55:08]} 45. Kxg3 {[%clk 00:17:11]} f5 {[%clk
00:55:08]} 46. Kf3 {[%clk 00:17:11]} Ke6 {[%clk 00:55:08]} 47. exf5+ {[%clk
00:17:11]} Kxf5 {[%clk 00:55:08]} 48. fxe5 {[%clk 00:17:11]} Kxe5 {[%clk
00:55:08]} 49. a4 {[%clk 00:17:11]} Kf5 {[%clk 00:55:08]} 50. Kg3 {[%clk
00:17:11]} Ke5 {[%clk 00:55:08]} 51. Kh4 {[%clk 00:17:11]} Kd6 {[%clk
00:55:08]} 52. Kxh5 {[%clk 00:17:11]} Kc6 {[%clk 00:55:08]} 53. Kg5 {[%clk
00:17:11]} Kb6 {[%clk 00:55:08]} 54. Kf4 {[%clk 00:17:11]} a5 {[%clk 00:55:08]}
55. b5 {[%clk 00:17:11]} Kc5 {[%clk 00:55:08]} 56. Ke4 {[%clk 00:17:11]} Kb6
{[%clk 00:55:08]} 57. Kxd4 {[%clk 00:17:11]} 1-0